電子工業の長期展望
Đã lưu trong:
| 企業作者: | |
|---|---|
| 格式: | 圖書 |
| 語言: | Undetermined |
| 出版: |
東京
日本電子工業振興協会
1974
|
| 主題: | |
| 標簽: |
添加標簽
沒有標簽, 成為第一個標記此記錄!
|
| Thư viện lưu trữ: | Trung tâm Học liệu Trường Đại học Cần Thơ |
|---|
| LEADER | 00513nam a2200181Ia 4500 | ||
|---|---|---|---|
| 001 | CTU_80733 | ||
| 008 | 210402s9999 xx 000 0 und d | ||
| 082 | |a 621.381 | ||
| 082 | |b N691 | ||
| 110 | |a 日本電子工業振興協会 | ||
| 245 | 0 | |a 電子工業の長期展望 | |
| 245 | 0 | |c 日本電子工業振興協会 | |
| 260 | |a 東京 | ||
| 260 | |b 日本電子工業振興協会 | ||
| 260 | |c 1974 | ||
| 650 | |a Electronics | ||
| 904 | |i Ngoc,Hải | ||
| 980 | |a Trung tâm Học liệu Trường Đại học Cần Thơ | ||